[Event "ARG-ch sf 98th"]
[Site "Buenos Aires"]
[Date "2023.05.03"]
[Round "5"]
[White "Martinez, Valentin Jesus"]
[Black "Avila, Federico"]
[Result "1-0"]
[WhiteElo "1728"]
[BlackElo "1437"]
[PlyCount "79"]
[EventDate "2023.04.29"]
[EventType "swiss"]
[EventRounds "9"]
[EventCountry "ARG"]
[SourceTitle "CBM 214 Extra"]
[Source "ChessBase"]
[SourceDate "2023.07.31"]
[SourceVersion "1"]
[SourceVersionDate "2023.07.31"]
[SourceQuality "1"]

1. e4 e6 2. d4 d5 3. exd5 exd5 4. Bd3 Nf6 5. h3 Be7 6. Nf3 b6 7. 0-0 0-0 8. Re1 Nbd7 9. Bf4 c5 10. c3 Bb7 11. Nbd2 Rc8 12. Rc1 Nb8 13. Bf5 Nbd7 14. Ne5 cxd4 15. cxd4 Rxc1 16. Qxc1 Nxe5 17. Bxe5 Bd6 18. Nf3 Ne4 19. Qf4 Re8 20. Bxd6 Nxd6 21. Rxe8+ Nxe8 22. Ng5 Nf6 23. Bxh7+ Kf8 24. Bg6 Bc8 25. Nxf7 Qe7 26. Ne5 Be6 27. g4 Kg8 28. g5 Ne4 29. h4 Nd6 30. h5 Ne4 31. Bxe4 dxe4 32. Ng6 Qd8 33. Qe5 Bxa2 34. h6 Qd7 35. h7+ Kf7 36. h8Q Qg4+ 37. Qg3 Qd1+ 38. Kg2 Kxg6 39. Qe8+ Bf7 40. Qxe4+ 1-0